Les Antonymes de films - Statistiques

Statistiques générales
  • Ce quiz a été pris 357 fois
  • Le résultat moyen est 12 sur 30
Statistiques - réponses
Antonyme Nom du film % Correct
T-E : L'intralunaire E-T : l'extraterrestre
92%
La mort est moche La vie est belle
89%
Pamplemousse manuel Orange mécanique
76%
Les enfermés Les Evadés
72%
Le passé de merde d'Emile Cheval Le fabuleux destin d'Amélie Poulain
64%
Volet sur rue Fenêtre sur cour
57%
Chute en dessous d'un terrier de lapin Vol au dessus d'un nid de coucou
57%
Les pointillés magentas La ligne verte
54%
Extralunar Interstellar
53%
Imperator Gladiator
44%
Contre une cheville d'euros Pour une poignée de dollars
43%
Citerne Cats Reservoir Dogs
39%
Bus passenger Taxi Driver
39%
103 300
38%
Le policier divorce Le gendarme se marie
35%
La langue de la terre Les dents de la mer
31%
Noël : La journée des visages découverts Halloween : la nuit des masques
27%
Les ongles de la matinée Les griffes de la nuit
27%
Mufasa Pile Scarface
25%
Poséido 26 Apollo 13
23%
Gun Walker Blade runner
23%
La danse des agneaux Le chant du loup
23%
Fourteen Seven
23%
La chute de l'Ecuyer Blanc The Dark Knight rises
23%
English Cake American Pie
22%
Citizen : the forth driver Alien : le huitième passager
18%
Innacustomed Culpable Usual Suspects
18%
Les prisonniers Les Affranchis
13%
Peace Tomorrow Apocalypse Now
12%
Equilibre mental Psychose
5%
Aucun quiz correspondant
Distribution des résultats
% des personnes avec chaque résultat
Percentile par nombre de réponses
Votre historique - résultats
Vous n’avez pas pris ce quiz